Approaches in the area of marketing performance assessment

Prístupy a možnosti v oblasti hodnotenia výkonnosti marketingu v súčasnej teórii a podnikovej praxi. Riadenie výkonnosti, význam a problémy merania marketingovej výkonnosti. Marketingové merné ukazovatele a ich systematické preskúmanie z hľadiska nových požiadaviek.

Guardado en:
Detalles Bibliográficos
Autor principal: Grančičová, Katarína, 1967-
Formato: Capítulo de libro
Lenguaje:eslovaco
Materias:
Etiquetas: Agregar Etiqueta
Sin Etiquetas, Sea el primero en etiquetar este registro!

MARC

LEADER 00000nla a2200000 4500
001 0220885
005 20240522135156.2
041 0 |a slo 
044 |a SK 
245 1 0 |a Approaches in the area of marketing performance assessment  |c Katarína Grančičová 
520 |a Prístupy a možnosti v oblasti hodnotenia výkonnosti marketingu v súčasnej teórii a podnikovej praxi. Riadenie výkonnosti, význam a problémy merania marketingovej výkonnosti. Marketingové merné ukazovatele a ich systematické preskúmanie z hľadiska nových požiadaviek. 
610 2 0 |a marketing 
610 2 0 |a nástroje marketingové 
610 2 0 |a skupiny cieľové 
610 2 0 |a segmentácia trhu 
610 2 0 |a riadenie vzťahov s dodávateľmi 
610 2 0 |a riadenie vzťahov so zákazníkmi 
610 2 0 |a meranie výkonnosti 
100 1 |a Grančičová, Katarína, 1967-